| 000 | 00000nam##2200000za#4500 |
| 001 | 9.581005 |
| 003 | CaOODSP |
| 005 | 20231208112833 |
| 007 | cr ||||||||||| |
| 008 | 150406|2011||||xxc|||||o f|0| 0 eng|d |
| 040 | |aCaOODSP|beng |
| 043 | |an-cn--- |
| 086 | 1 |aPS83-5/R246E-PDF |
| 110 | 1 |aCorrectional Service Canada. |bResearch Branch. |
| 245 | 14|aThe effectiveness of correctional programs with diverse offenders : |h[electronic resource]|ba meta-analytic study / |cprepared by: Amelia Usher. |
| 260 | |aOttawa - Ontario : |bCorrectional Service Canada. |cJune 2011. |
| 300 | |a1p. |
| 490 | 1 |aResearch at a glance|vR-246 |
| 590 | |a14-19-Supp|b2014-11-03 |
| 775 | 08|tL'efficacité des programmes correctionnels auprès de divers délinquants : |w(CaOODSP)9.607892 |
| 830 | #0|aResearch at a glance (Correctional Service Canada)|vR-246|w(CaOODSP)9.506649 |
| 856 | 40|ahttp://publications.gc.ca|qPDF|s171 KB|uhttps://publications.gc.ca/collections/collection_2014/scc-csc/PS83-5-R246-eng.pdf|yR-246 |